| 000 | 00514nam a22001697a 4500 | ||
|---|---|---|---|
| 005 | 20260225112344.0 | ||
| 008 | 260225b |||||||| |||| 00| 0 eng d | ||
| 020 | _a978-0-8218-8321-1 | ||
| 100 | _aCOZZENS, MARGARET | ||
| 245 | _aTHE MATHEMATICS OF ENCRYPTION | ||
| 260 |
_aPROVIDENCE, RHODE _bAMERICAN MATHEMATICAL SOCIETY _c2013 |
||
| 300 | _aXVIII, 332P. | ||
| 500 | _aINCLUDES BIBLIOGRAPHICAL REFERENCES AND INDEX | ||
| 650 | _aCODING THEORY-TEXTBOOKS | ||
| 700 | _aMILLER, STEVEN J, | ||
| 942 |
_2lcc _cBK |
||
| 999 |
_c216650 _d216650 |
||